Casa de Papel - Statistics

General Stats
  • This quiz has been taken 430 times
    416 since last reset
  • The average score is 7 of 9
Answer Stats
Hint Answer % Correct
In what city is the action take place? Madrid
95%
How many members initially participate in the robbery? 8
93%
Who's Tokyo's boyfriend? Rio
93%
How many months did the gang members make before the robbery? 5
90%
In which year did the first season appear? 2017
89%
Who suffered from an incurable disease? Berlin
86%
Which member dies first? Oslo
83%
What is the name of the inspector? Raquel
61%
What is Berlin's real name? Andres de Fonollosa
51%
No matching quizzes found
Score Distribution
Percent of People with Each Score
Percentile by Number Answered
Your Score History
You have not taken this quiz since the last reset